Associez le mouvement littéraire au siècle - Statistiques

Statistiques générales
  • Ce quiz a été pris 541 fois
  • Le résultat moyen est 7 sur 13
Statistiques - réponses
Hint Réponse % Correct
Lumières 18e
75%
Nouveau roman 20e
66%
Humanisme 16e
61%
Classicisme 17e
61%
Réalisme 19e
61%
Naturalisme 19e
61%
Absurde 20e
59%
Pléiade 16e
55%
Romantisme 19e
53%
Baroque 17e
52%
Symbolisme 19e
50%
Surréalisme 20e
48%
Parnasse 19e
35%
Aucun quiz correspondant
Distribution des résultats
% des personnes avec chaque résultat
Percentile par nombre de réponses
Votre historique - résultats
Vous n’avez pas pris ce quiz